000 00560nam a2200193 i 4500
001 142777
003 ES-MaACL
005 20250903011202.0
007 t|
008 071010s1961 sp ||||1| spa d
080 _a51(04)
100 1 _aVidal Abascal, Enrique.
_9114464
245 1 3 _aLa nueva matemática /
_cE. Vidal Abascal.
260 _aMadrid :
_bDossat,
_c[1961] (
_fJusto López)
300 _aXVI, 189 p. :
_bil. ;
_c22 cm.
650 1 7 _aMatemáticas
_2embne
_914814
852 _aES-MaACL
_jC-21524
_bR.49947
999 _c142777
_d142777